00753nam a2200181 a 450000100100000000500170001000800410002702000150006804000250008308200180010824502380012626000310036430000270039550000330042265000460045565000350050165000350053600000725920240409073824.0090907s2005 xxua 001 p spa d a097656470X aDO-SdBNPbspacBNPHU aRD861.5bL86400aDesde la diáspora = from the diaspora :bcuentos y poemas de niños y niñas dominicanos = anthology of dominican childrens writings /ccompiladores Michael López ,Pastora Hernández, Yrene Santos, Mary Ely Peña- Gratereaux. aNew york :bCayena,c2005. a93 p. :bil. ;c22 cm. aIncluye datos biográficos. 4aPoesía infantil dominicanaxColecciones 0aCuentos infantiles dominicanos 4aLiteratura infantil dominicana